| 000 | 00841nam a22002417a 4500 | ||
|---|---|---|---|
| 999 |
_c20233 _d20233 |
||
| 003 | AR-CdUCM | ||
| 008 | 190328b ||||| |||| 00| 0 spa d | ||
| 040 |
_aMUNICIPALIDAD PROVINCIAL DEL CUSCO _cBIBLIOTECA MUNICIPAL DEL CUSCO |
||
| 041 | _hita | ||
| 082 |
_25ed. _a635 / _bT18 |
||
| 100 |
_aTamaro, D. _925755 |
||
| 245 | _aManual de horticultura / | ||
| 260 |
_aBarcelona : _bGustavo Gill, _c1960. |
||
| 300 |
_a510 paginas ; _c22 cm. |
||
| 500 | _aVersión de la 5a ed. italiana por el Dr. Arturo Caballero. | ||
| 505 | _aContenido: Concepto económico de la horticultura -- Las hortalizas en la alimentación del hombre -- extracción de esencias... | ||
| 650 |
_aHorticultura _919445 |
||
| 650 |
_aHortalizas _922950 |
||
| 650 |
_aPlantas _919530 |
||
| 700 |
_aCaballero, Arturo _925756 |
||
| 942 |
_2ddc _cLIBROS |
||
| 945 | _aAndy | ||